[Event "Orsha Open A 2018"]
[Site "Orsha"]
[Date "2018.01.31"]
[Round "5.4"]
[White "Zarubitski, Viachaslau"]
[Black "Moskalenko, Alexander"]
[Result "1/2-1/2"]
[WhiteElo "2353"]
[BlackElo "2522"]
[Annotator ",Àäìèíèñòðàòîð"]
[PlyCount "179"]
[EventDate "2018.01.29"]
[EventType "swiss"]
[EventRounds "9"]
[EventCountry "BLR"]

1. e4 e5 2. Nf3 Nc6 3. Bb5 a6 4. Ba4 d6 5. O-O Bd7 6. c3 g6 7. d4 Bg7 8. Bg5 f6
9. Be3 Nh6 10. dxe5 dxe5 11. Qd5 Qe7 12. Bc5 Qf7 13. Rd1 Qxd5 14. Rxd5 Nf7 15.
Nbd2 O-O-O 16. Rd1 Be6 17. Rxd8+ Rxd8 18. Kf1 Nd6 19. Ke2 Na5 20. Bc2 Bh6 21.
b3 b6 22. Ba3 Nab7 23. Nf1 c6 24. Ne3 Kc7 25. Nd2 a5 26. f3 Bf8 27. Bb2 b5 28.
Ra1 Nc5 29. c4 b4 30. a3 Bc8 31. axb4 axb4 32. Ra7+ Ndb7 33. g3 Ne6 34. Ng4 Be7
35. Ra8 h5 36. Nf2 h4 37. Nd3 hxg3 38. hxg3 Rh8 39. Nf1 Bd6 40. Nf2 Nbc5 41.
Ng4 Rf8 42. Ra7+ Bb7 43. Ra1 Nd7 44. Nfe3 Rh8 45. Bd3 Ndc5 46. Bc2 Nd4+ 47.
Bxd4 exd4 48. Nf1 d3+ 49. Bxd3 Nxb3 50. Rb1 Nc5 51. Nxf6 Nxd3 52. Kxd3 Rf8 53.
e5 Bxe5 54. Ne4 Rxf3+ 55. Ke2 Ra3 56. Rxb4 c5 57. Rxb7+ Kxb7 58. Nxc5+ Kc6 59.
Nd3 Bd6 60. g4 Kd7 61. Ke3 Ra1 62. Nd2 Rg1 63. Ne4 Ke7 64. Nxd6 Kxd6 65. Kf4
Rd1 66. Nb4 Ke6 67. Kg5 Kf7 68. Nc6 Re1 69. c5 Re8 70. Kf4 Ke6 71. Kg5 Kd5 72.
Nb4+ Kc4 73. Na6 Re7 74. c6 Kb5 75. c7 Re8 76. Nb8 Kb6 77. Nd7+ Kxc7 78. Nf6
Re1 79. Kxg6 Kd6 80. g5 Ke6 81. Nh5 Rg1 82. Nf6 Ke5 83. Nh5 Ra1 84. Kh6 Ra6+
85. g6 Ke6 86. Kh7 Kf5 87. g7 Ra7 88. Kh8 Ra8+ 89. g8=Q Rxg8+ 90. Kxg8 $11
1/2-1/2

[Event "Orsha Open A 2018"]
[Site "Orsha"]
[Date "2018.01.31"]
[Round "5.1"]
[White "Sviridov, Valery"]
[Black "Sarbay, Aleksandr"]
[Result "1-0"]
[WhiteElo "2515"]
[BlackElo "2155"]
[PlyCount "41"]
[EventDate "2018.01.29"]
[EventType "swiss"]
[EventRounds "9"]
[EventCountry "BLR"]

1. Nf3 c5 2. g3 d5 3. Bg2 Nf6 4. O-O g6 5. d3 Bg7 6. Nbd2 O-O 7. e4 Nc6 8. exd5
Nxd5 9. Re1 e5 10. c3 b6 11. Nc4 Re8 12. Ng5 f6 13. Ne3 Nce7 14. Nxd5 Nxd5 15.
c4 Bb7 16. Nh3 Re7 17. cxd5 Bxd5 18. f4 Bxg2 19. Kxg2 Rd7 20. Qb3+ Kh8 21. Nf2
1-0

[Event "Orsha Open A 2018"]
[Site "Orsha"]
[Date "2018.01.31"]
[Round "5.2"]
[White "Mishin, Alexei"]
[Black "Grishchenko, Sergey"]
[Result "0-1"]
[WhiteElo "2268"]
[BlackElo "2469"]
[PlyCount "66"]
[EventDate "2018.01.29"]
[EventType "swiss"]
[EventRounds "9"]
[EventCountry "BLR"]

1. e4 c6 2. d4 d5 3. exd5 cxd5 4. c4 Nf6 5. Nc3 g6 6. Qb3 Bg7 7. cxd5 O-O 8.
Be2 Nbd7 9. Bf3 Nb6 10. Nge2 Bg4 11. Bxg4 Nxg4 12. Bf4 Nf6 13. d6 exd6 14. O-O
Nh5 15. Be3 d5 16. a4 Qd7 17. Qb5 Rfd8 18. Bg5 Nf6 19. a5 Nc4 20. b3 Nd6 21.
Qd3 Nf5 22. a6 h6 23. Bxf6 Bxf6 24. Ra5 bxa6 25. Rxa6 Bg7 26. Rfa1 Qb7 27. Nb5
Qe7 28. Nxa7 Re8 29. Nc6 Qb7 30. g3 Rxa6 31. Rxa6 Re6 32. b4 Rxc6 33. b5 Rc4
0-1

[Event "Orsha Open A 2018"]
[Site "Orsha"]
[Date "2018.01.31"]
[Round "5.3"]
[White "Suleymanyants, Odisey"]
[Black "Meribanov, Vitaly"]
[Result "0-1"]
[WhiteElo "2256"]
[BlackElo "2396"]
[PlyCount "78"]
[EventDate "2018.01.29"]
[EventType "swiss"]
[EventRounds "9"]
[EventCountry "BLR"]

1. e4 c5 2. Nf3 Nc6 3. d3 g6 4. Nbd2 Bg7 5. g3 Nf6 6. Bg2 O-O 7. O-O d6 8. Re1
Qc7 9. c3 Bd7 10. a4 a6 11. Nb3 e5 12. d4 cxd4 13. cxd4 Rac8 14. dxe5 dxe5 15.
a5 Be6 16. Nc5 Bg4 17. Be3 Nxa5 18. Qa4 Nc6 19. Rec1 Nd7 20. h3 Bxf3 21. Bxf3
Nxc5 22. Bxc5 Nd4 23. Bg4 Qxc5 24. Rxc5 Rxc5 25. Qd7 h5 26. Bd1 b5 27. Kg2 a5
28. Rxa5 Rc1 29. Be2 Nxe2 30. Rxb5 h4 31. Rb7 Bh6 32. Qg4 Rg1+ 33. Kh2 hxg3+
34. fxg3 Rxg3 35. Qxe2 Bf4 36. Kh1 Rd8 37. Rc7 Rd2 38. Qf1 Rg5 39. Rc8+ Kg7 0-1

[Event "Orsha Open A 2018"]
[Site "Orsha"]
[Date "2018.01.31"]
[Round "5.4"]
[White "Petrov, Dmitri"]
[Black "Tihonov, Jurij"]
[Result "1/2-1/2"]
[WhiteElo "2222"]
[BlackElo "2371"]
[PlyCount "78"]
[EventDate "2018.01.29"]
[EventType "swiss"]
[EventRounds "9"]
[EventCountry "BLR"]

1. e4 c5 2. Nf3 d6 3. Bb5+ Bd7 4. Bxd7+ Nxd7 5. O-O Ngf6 6. Re1 e6 7. d4 cxd4
8. Qxd4 Be7 9. c4 O-O 10. Nc3 a6 11. h3 Qa5 12. Bd2 Qc5 13. Qd3 Rfc8 14. b3
Rab8 15. Rac1 Ne5 16. Nxe5 Qxe5 17. Be3 Qa5 18. Bd2 Qh5 19. Bf4 Rc6 20. e5 Ne8
21. Qg3 Rbc8 22. exd6 Bxd6 23. Bxd6 Rxd6 24. Rcd1 Rcd8 25. Rxd6 Rxd6 26. Re5
Qh6 27. Qe3 Qf6 28. f4 Qd8 29. Ne4 Rd1+ 30. Kh2 g6 31. Nc5 Nd6 32. Qf3 Nf5 33.
Rd5 Rxd5 34. cxd5 exd5 35. Nxb7 Qc7 36. Qxd5 Qxf4+ 37. Kg1 Nd4 38. Qd8+ Kg7 39.
Qe7 Qc1+ 1/2-1/2

[Event "Orsha Open A 2018"]
[Site "Orsha"]
[Date "2018.02.01"]
[Round "6.1"]
[White "Zhigalko, Sergei"]
[Black "Kovalev, Vladislav"]
[Result "1/2-1/2"]
[WhiteElo "2620"]
[BlackElo "2639"]
[PlyCount "28"]
[EventDate "2018.01.29"]
[EventType "swiss"]
[EventRounds "9"]
[EventCountry "BLR"]

1. d4 Nf6 2. c4 b6 3. Nc3 Bb7 4. d5 e6 5. a3 exd5 6. cxd5 Bd6 7. Nf3 O-O 8. g3
Na6 9. Bg2 Nc5 10. b4 Nce4 11. Nxe4 Nxe4 12. Bb2 Qe7 13. O-O f5 14. Qd3 a5
1/2-1/2

[Event "Orsha Open A 2018"]
[Site "Orsha"]
[Date "2018.02.01"]
[Round "6.3"]
[White "Meribanov, Vitaly"]
[Black "Sviridov, Valery"]
[Result "1/2-1/2"]
[WhiteElo "2396"]
[BlackElo "2515"]
[PlyCount "36"]
[EventDate "2018.01.29"]
[EventType "swiss"]
[EventRounds "9"]
[EventCountry "BLR"]

1. e4 Nf6 2. e5 Nd5 3. d4 d6 4. Nf3 Bg4 5. Be2 e6 6. O-O Be7 7. h3 Bh5 8. c4
Nb6 9. Nc3 O-O 10. Be3 Nc6 11. exd6 cxd6 12. d5 Bxf3 13. Bxf3 exd5 14. Bxb6
axb6 15. Nxd5 Bf6 16. Nxf6+ Qxf6 17. b3 Rfe8 18. a4 Re7 1/2-1/2

[Event "Orsha Open A 2018"]
[Site "Orsha"]
[Date "2018.02.01"]
[Round "6.4"]
[White "Grishchenko, Sergey"]
[Black "Harshkou, Mikita"]
[Result "1-0"]
[WhiteElo "2469"]
[BlackElo "2359"]
[PlyCount "117"]
[EventDate "2018.01.29"]
[EventType "swiss"]
[EventRounds "9"]
[EventCountry "BLR"]

1. d4 e6 2. c4 f5 3. Nc3 Nf6 4. f3 Bb4 5. e3 O-O 6. Bd3 d6 7. Nge2 Nc6 8. Qc2
Ne7 9. a3 Bxc3+ 10. Qxc3 e5 11. Ng3 e4 12. Be2 exf3 13. Bxf3 Ne4 14. Qb3 Ng6
15. O-O Nxg3 16. hxg3 c6 17. Bd2 Qg5 18. Kf2 h5 19. Rh1 h4 20. gxh4 Nxh4 21.
Rh2 Qf6 22. Rah1 Ng6 23. Bc3 Re8 24. Qd1 Qe6 25. d5 Qxe3+ 26. Kf1 Qf4 27. Rh7
Re7 28. b3 Bd7 29. Bd2 Qd4 30. Bh5 Qd3+ 31. Be2 Qd4 32. Bh5 Qd3+ 33. Be2 Qd4
34. Bg5 Qxd1+ 35. Bxd1 Re5 36. Bf6 gxf6 37. Rxd7 Nf8 38. Rxb7 cxd5 39. Bf3 Rc8
40. Rh4 dxc4 41. bxc4 Ng6 42. Rhh7 Kf8 43. Bh5 Re7 44. Bxg6 Rxb7 45. Rxb7 a6
46. Bf7 Rc5 47. Bd5 Ra5 48. Rb3 Kg7 49. Kf2 Kg6 50. Kf3 Kg5 51. g3 Ra4 52. Ke3
Ra5 53. Kd4 f4 54. gxf4+ Kxf4 55. Rf3+ Kg5 56. Ke4 Kg6 57. Rg3+ Kh5 58. Kf5 Kh4
59. Rb3 1-0

[Event "Orsha Open A 2018"]
[Site "Orsha"]
[Date "2018.02.01"]
[Round "6.5"]
[White "Moskalenko, Alexander"]
[Black "Apryshko, Gleb"]
[Result "1/2-1/2"]
[WhiteElo "2522"]
[BlackElo "2316"]
[PlyCount "28"]
[EventDate "2018.01.29"]
[EventType "swiss"]
[EventRounds "9"]
[EventCountry "BLR"]

1. d4 Nf6 2. Nf3 b5 3. Bg5 Bb7 4. Nbd2 d5 5. e3 a6 6. c3 e6 7. b4 Nbd7 8. Nb3
Nb6 9. Be2 Qc8 10. Bxf6 gxf6 11. O-O Bd6 12. Nc5 Bxc5 13. bxc5 Nc4 14. Nd2 Qd7
1/2-1/2

[Event "Orsha Open A 2018"]
[Site "Orsha"]
[Date "2018.02.01"]
[Round "6.6"]
[White "Badelka, Olga"]
[Black "Zarubitski, Viachaslau"]
[Result "1/2-1/2"]
[WhiteElo "2399"]
[BlackElo "2353"]
[PlyCount "68"]
[EventDate "2018.01.29"]
[EventType "swiss"]
[EventRounds "9"]
[EventCountry "BLR"]

1. d4 d5 2. c4 c6 3. Nf3 Nf6 4. e3 Bf5 5. Nc3 a6 6. Bd2 e6 7. Nh4 Bg4 8. Qb3 b5
9. cxd5 cxd5 10. h3 Bh5 11. g4 Bg6 12. Nxg6 hxg6 13. Be2 Be7 14. Rc1 Kf8 15. h4
Ra7 16. h5 Rc7 17. Bf3 gxh5 18. gxh5 Nc6 19. Ne2 Na5 20. Bxa5 Rxc1+ 21. Nxc1
Qxa5+ 22. Ke2 Bd6 23. Nd3 Ke7 24. Rg1 Nxh5 25. Bxh5 Rxh5 26. Rxg7 Rh1 27. Rg8
Qc7 28. Kd2 Rf1 29. a3 Qc4 30. Qc3 Bc7 31. Ra8 a5 32. Ra7 Kd8 33. Ra8+ Ke7 34.
Ra7 Kd8 1/2-1/2

[Event "Orsha Open A 2018"]
[Site "Orsha"]
[Date "2018.02.01"]
[Round "6.7"]
[White "Andrejevs, Arvids"]
[Black "Shvyrjov, Igor"]
[Result "0-1"]
[WhiteElo "2256"]
[BlackElo "2389"]
[PlyCount "74"]
[EventDate "2018.01.29"]
[EventType "swiss"]
[EventRounds "9"]
[EventCountry "BLR"]

1. e4 c6 2. d4 g6 3. f4 d5 4. e5 h5 5. Nf3 Bg4 6. h3 Bxf3 7. Qxf3 e6 8. Bd3 h4
9. Be3 Nh6 10. Nd2 Nd7 11. Qf2 Be7 12. Nf3 Nf5 13. Bxf5 exf5 14. O-O Nf8 15. c4
dxc4 16. Nd2 Qd5 17. Rac1 b5 18. b3 cxb3 19. Nxb3 Ne6 20. Qf3 Kd7 21. Qe2 Rhc8
22. Rc2 Ke8 23. Rfc1 a5 24. Qf2 a4 25. Nd2 Ra7 26. Nf3 b4 27. Ng5 b3 28. axb3
axb3 29. Rc5 Nxc5 30. dxc5 Ra2 31. Qf1 Bxg5 32. fxg5 Rd8 33. e6 fxe6 34. Re1
Kf7 35. Bf4 Qd3 36. Rb1 Qxf1+ 37. Kxf1 Rd3 0-1

[Event "Orsha Open A 2018"]
[Site "Orsha"]
[Date "2018.02.01"]
[Round "6.8"]
[White "Tihonov, Jurij"]
[Black "Cherepov, Alexej"]
[Result "1-0"]
[WhiteElo "2371"]
[BlackElo "2156"]
[PlyCount "97"]
[EventDate "2018.01.29"]
[EventType "swiss"]
[EventRounds "9"]
[EventCountry "BLR"]

1. d4 d5 2. Nf3 Nf6 3. e3 e6 4. c4 c5 5. Nc3 Nc6 6. a3 a6 7. dxc5 Bxc5 8. b4
Bd6 9. cxd5 exd5 10. Be2 O-O 11. Bb2 Re8 12. O-O Bc7 13. Rc1 Qd6 14. Re1 Bg4
15. g3 Rad8 16. Na4 Bb8 17. Nc5 Re7 18. Nd4 Bxe2 19. Qxe2 Nxd4 20. Bxd4 Rc7 21.
Qb2 Qe7 22. Nb3 Rdc8 23. Rxc7 Rxc7 24. Rd1 Rd7 25. Nc5 Rd8 26. Bxf6 gxf6 27.
Qb3 Ba7 28. Rxd5 Bxc5 29. bxc5 Rxd5 30. Qxd5 Kg7 31. Kg2 Qc7 32. h4 Qe7 33. a4
Qc7 34. Kf3 Qe7 35. e4 Qc7 36. h5 Qe7 37. Kf4 h6 38. Qd6 Qe8 39. a5 Qb5 40. Kf5
Qb2 41. f3 Qc3 42. f4 Qxg3 43. Qxf6+ Kg8 44. Qxh6 Qh3+ 45. Kg5 Qc3 46. Qf6
Qxc5+ 47. e5 Qd5 48. Kh6 Kf8 49. Qd6+ 1-0

[Event "Orsha Open A 2018"]
[Site "Orsha"]
[Date "2018.02.02"]
[Round "7.1"]
[White "Aleksandrov, Aleksej"]
[Black "Grishchenko, Sergey"]
[Result "1-0"]
[WhiteElo "2589"]
[BlackElo "2469"]
[PlyCount "85"]
[EventDate "2018.01.29"]
[EventType "swiss"]
[EventRounds "9"]
[EventCountry "BLR"]

1. d4 d5 2. c4 e6 3. Nf3 c5 4. cxd5 exd5 5. g3 c4 6. Bg2 Bb4+ 7. Bd2 Bxd2+ 8.
Qxd2 Nc6 9. Nc3 Nf6 10. Ne5 O-O 11. b3 cxb3 12. axb3 Qb6 13. Nxc6 Qxc6 14. O-O
Bf5 15. Ra5 Be6 16. Rfa1 Rfc8 17. Rc5 Qd7 18. Rxc8+ Rxc8 19. Rxa7 Qc6 20. Na2
Ne4 21. Qb2 Qb6 22. Ra4 Bd7 23. Ra3 h6 24. h4 Nd6 25. Qd2 Nb5 26. Ra4 Nd6 27.
Ra5 Qxb3 28. Bxd5 Qb1+ 29. Kg2 Nc4 30. Bxc4 Rxc4 31. Nc3 Qb4 32. Ra8+ Kh7 33.
Qd3+ g6 34. Nd5 Qe1 35. Qxc4 Bh3+ 36. Kf3 Be6 37. Nf6+ Kg7 38. d5 Bf5 39. Qd4
Qh1+ 40. Ke3 Qc1+ 41. Kf3 Qh1+ 42. Kf4 Qc1+ 43. e3 1-0

[Event "Orsha Open A 2018"]
[Site "Orsha"]
[Date "2018.02.02"]
[Round "7.2"]
[White "Kovalev, Vladislav"]
[Black "Sviridov, Valery"]
[Result "1-0"]
[WhiteElo "2639"]
[BlackElo "2515"]
[PlyCount "55"]
[EventDate "2018.01.29"]
[EventType "swiss"]
[EventRounds "9"]
[EventCountry "BLR"]

1. e4 c6 2. d4 d5 3. e5 c5 4. dxc5 Nc6 5. f4 e6 6. Be3 d4 7. Bf2 Bxc5 8. Nd2
Nh6 9. a3 Nf5 10. Bd3 O-O 11. Ngf3 Ne3 12. Bxe3 dxe3 13. Ne4 Bb6 14. Qe2 f6 15.
O-O-O Qe7 16. c3 fxe5 17. fxe5 Bd7 18. h4 Be8 19. Neg5 h6 20. Nxe6 Rxf3 21.
gxf3 Bf7 22. Nxg7 Kxg7 23. f4 Kh8 24. Rhg1 Rg8 25. Bc4 Rf8 26. Rd6 Qxh4 27.
Bxf7 Rxf7 28. Qg2 1-0

[Event "Orsha Open A 2018"]
[Site "Orsha"]
[Date "2018.02.02"]
[Round "7.3"]
[White "Malakhatko, Vadim"]
[Black "Zhigalko, Sergei"]
[Result "0-1"]
[WhiteElo "2541"]
[BlackElo "2620"]
[PlyCount "114"]
[EventDate "2018.01.29"]
[EventType "swiss"]
[EventRounds "9"]
[EventCountry "BLR"]

1. Nf3 Nf6 2. c4 e6 3. Nc3 Bb4 4. Qc2 c5 5. a3 Ba5 6. g3 O-O 7. Bg2 Nc6 8. O-O
h6 9. d3 d6 10. e3 e5 11. Nd2 Bf5 12. Nde4 Bxc3 13. Nxc3 Qd7 14. Re1 Rac8 15.
b3 Bh3 16. Bh1 Qf5 17. Bb2 Bg4 18. f3 Bh3 19. Rad1 h5 20. Qf2 Qg6 21. Bg2 Bxg2
22. Qxg2 Rcd8 23. f4 exf4 24. gxf4 d5 25. Qxg6 fxg6 26. cxd5 Nxd5 27. Ne4 b6
28. Kf2 Nce7 29. Ng5 Rfe8 30. Ne6 Rd6 31. Nxg7 Rf8 32. Rg1 Kh7 33. Be5 Rc6 34.
Rg5 Nf6 35. Bxf6 Rcxf6 36. Nxh5 gxh5 37. Rxh5+ Kg6 38. Rg5+ Kf7 39. b4 cxb4 40.
axb4 Rh8 41. Rg2 Rh3 42. Ra1 Re6 43. Rg3 Rxh2+ 44. Kg1 Rd2 45. e4 Rc6 46. Rg2
Rxd3 47. Rxa7 Rd4 48. b5 Rc1+ 49. Kh2 Rxe4 50. Rb7 Re6 51. f5 Rh6+ 52. Kg3 Re1
53. Rh2 Rg1+ 54. Kf2 Rxh2+ 55. Kxg1 Rh6 56. Kf2 Rd6 57. Ke3 Kf6 0-1

[Event "Orsha Open A 2018"]
[Site "Orsha"]
[Date "2018.02.02"]
[Round "7.4"]
[White "Apryshko, Gleb"]
[Black "Meribanov, Vitaly"]
[Result "1/2-1/2"]
[WhiteElo "2316"]
[BlackElo "2396"]
[PlyCount "55"]
[EventDate "2018.01.29"]
[EventType "swiss"]
[EventRounds "9"]
[EventCountry "BLR"]

1. g3 Nf6 2. Bg2 c5 3. Nf3 g6 4. O-O Bg7 5. c4 Nc6 6. d4 cxd4 7. Nxd4 O-O 8.
Nc3 Qa5 9. Ncb5 a6 10. Nb3 Qd8 11. Nc3 d6 12. c5 dxc5 13. Qxd8 Rxd8 14. Nxc5
Nd7 15. N5a4 Rb8 16. Rd1 Nd4 17. e3 Ne6 18. Nd5 Kf8 19. Nf4 Ne5 20. Rxd8+ Nxd8
21. Nb6 Bg4 22. h3 Bf3 23. Bxf3 Nxf3+ 24. Kg2 Ne5 25. Nfd5 e6 26. Nc3 Kg8 27.
Ne4 Ndc6 28. Bd2 $11 1/2-1/2

[Event "Orsha Open A 2018"]
[Site "Orsha"]
[Date "2018.02.02"]
[Round "7.5"]
[White "Shvyrjov, Igor"]
[Black "Tihonov, Jurij"]
[Result "1/2-1/2"]
[WhiteElo "2389"]
[BlackElo "2371"]
[PlyCount "20"]
[EventDate "2018.01.29"]
[EventType "swiss"]
[EventRounds "9"]
[EventCountry "BLR"]

1. d4 d5 2. c4 c6 3. cxd5 cxd5 4. Nf3 Nc6 5. Nc3 Nf6 6. Bf4 a6 7. e3 Bg4 8. Be2
e6 9. O-O Bd6 10. Bg3 O-O 1/2-1/2

[Event "Orsha Open A 2018"]
[Site "Orsha"]
[Date "2018.02.02"]
[Round "7.6"]
[White "Moskalenko, Alexander"]
[Black "Egorenkov, Igor"]
[Result "1-0"]
[WhiteElo "2522"]
[BlackElo "2208"]
[PlyCount "77"]
[EventDate "2018.01.29"]
[EventType "swiss"]
[EventRounds "9"]
[EventCountry "BLR"]

1. d4 Nf6 2. Nf3 d5 3. Bf4 e6 4. e3 c5 5. c3 Nc6 6. Nbd2 cxd4 7. exd4 Be7 8.
Bd3 a6 9. a4 Nh5 10. Bg3 Nxg3 11. hxg3 h6 12. Qe2 O-O 13. Bc2 f5 14. O-O Qc7
15. Nb3 Bd7 16. Nc1 b5 17. Nd3 b4 18. Nf4 Rf6 19. Bd3 bxc3 20. bxc3 a5 21. c4
g5 22. Nxd5 exd5 23. cxd5 Nb4 24. Qxe7 Nxd5 25. Qe5 Qxe5 26. dxe5 Rc6 27. Nd4
Rc3 28. Bxf5 Bxf5 29. Nxf5 Re8 30. Rfd1 Nb6 31. Rd6 Nc4 32. Rg6+ Kf8 33. e6 Ne5
34. Rxh6 Kg8 35. Re1 Ng4 36. Rg6+ Kh7 37. Rg7+ Kh8 38. e7 Rc5 39. Nd6 1-0

[Event "Orsha Open A 2018"]
[Site "Orsha"]
[Date "2018.02.02"]
[Round "7.7"]
[White "Papunidi, Matvey"]
[Black "Badelka, Olga"]
[Result "0-1"]
[WhiteElo "2031"]
[BlackElo "2399"]
[PlyCount "94"]
[EventDate "2018.01.29"]
[EventType "swiss"]
[EventRounds "9"]
[EventCountry "BLR"]

1. c4 Nf6 2. Nf3 e6 3. g3 a6 4. Bg2 b5 5. cxb5 axb5 6. O-O Bb7 7. b3 Be7 8. Bb2
O-O 9. d3 c5 10. Nbd2 Nc6 11. Ne5 Qb6 12. Nxc6 Bxc6 13. Bxc6 Qxc6 14. Qc2 d5
15. Rfc1 Rfc8 16. a3 Nd7 17. Nf3 Nb6 18. Qd2 f6 19. h4 h5 20. Qe3 Qd6 21. Nd2
e5 22. Qf3 g6 23. e3 Qe6 24. Qe2 Ra7 25. Kh2 Bf8 26. Rc2 Rcc7 27. Rac1 Rh7 28.
e4 d4 29. b4 Na4 30. bxc5 Rhc7 31. f4 Rxc5 32. f5 Qf7 33. g4 Rxc2 34. Rxc2 Bh6
35. Nf1 Bf4+ 36. Kh3 gxf5 37. gxf5 Rc7 38. Rxc7 Qxc7 39. Qxh5 Nxb2 40. Qe8+ Kg7
41. Qg6+ Kf8 42. Qxf6+ Qf7 43. Qd8+ Qe8 44. Qd6+ Kg8 45. Qd5+ Kh8 46. f6 Qc8+
47. Kg2 Nxd3 0-1

[Event "Orsha Open A 2018"]
[Site "Orsha"]
[Date "2018.02.02"]
[Round "7.8"]
[White "Filipets, Egor"]
[Black "Sarbay, Aleksandr"]
[Result "1/2-1/2"]
[WhiteElo "2366"]
[BlackElo "2155"]
[PlyCount "81"]
[EventDate "2018.01.29"]
[EventType "swiss"]
[EventRounds "9"]
[EventCountry "BLR"]

1. c4 c5 2. Nf3 Nf6 3. Nc3 Nc6 4. g3 g6 5. Bg2 Bg7 6. O-O O-O 7. d4 cxd4 8.
Nxd4 Nxd4 9. Qxd4 d6 10. Qd2 Be6 11. Bxb7 Rb8 12. Bg2 Bxc4 13. b3 Nd5 14. Bxd5
Bxd5 15. Qxd5 Bxc3 16. Bh6 Bxa1 17. Bxf8 Qxf8 18. Rxa1 Qg7 19. Rc1 Qb2 20. Rc7
Qxe2 21. Rxa7 Rc8 22. Ra8 Rxa8 23. Qxa8+ Kg7 24. a4 Qd1+ 25. Kg2 d5 26. a5 e5
27. Qb8 Qe2 28. Qb4 d4 29. Qc4 d3 30. a6 e4 31. Qd4+ Kh6 32. h4 d2 33. a7 Qf3+
34. Kh2 d1=Q 35. Qxd1 Qxf2+ 36. Kh3 Qxa7 37. Qd6 f5 38. b4 Qg1 39. Qf4+ Kg7 40.
Qc7+ Kh6 41. Qf4+ 1/2-1/2

[Event "Orsha Open A 2018"]
[Site "Orsha"]
[Date "2018.02.03"]
[Round "8.1"]
[White "Zhigalko, Sergei"]
[Black "Aleksandrov, Aleksej"]
[Result "1/2-1/2"]
[WhiteElo "2620"]
[BlackElo "2589"]
[PlyCount "111"]
[EventDate "2018.01.29"]
[EventType "swiss"]
[EventRounds "9"]
[EventCountry "BLR"]

1. c4 c6 2. d4 d5 3. Nf3 Nf6 4. e3 Bf5 5. Nc3 a6 6. Bd3 Bxd3 7. Qxd3 e6 8. O-O
Bb4 9. Bd2 O-O 10. a3 Bxc3 11. Bxc3 Ne4 12. Bb4 Re8 13. a4 a5 14. Ba3 Na6 15.
Rac1 Qb6 16. Rfd1 Rad8 17. Ne5 Nf6 18. Qc2 Qc7 19. Qe2 Ra8 20. b3 Nb8 21. Nd3
Nbd7 22. Bb2 Qb6 23. Qc2 Qa6 24. f3 Rac8 25. Kh1 b6 26. Qf2 Qb7 27. Bc3 h6 28.
Qh4 Nf8 29. Qe1 N8d7 30. Rc2 c5 31. dxc5 dxc4 32. bxc4 e5 33. e4 Nxc5 34. Nxe5
Nxa4 35. Ba1 Qc7 36. Nd3 Nd7 37. Qh4 Nf8 38. Nf4 Qe7 39. Qf2 Qg5 40. Nd5 Rc6
41. h4 Qg6 42. Nf4 Qh7 43. Rcd2 Ne6 44. Nd5 Qg6 45. Ne3 h5 46. Nf5 Kh7 47. Rd6
Rxd6 48. Rxd6 f6 49. Qd2 Nac5 50. Rxb6 a4 51. Bc3 a3 52. Qa2 Ra8 53. Bb4 Qe8
54. Rb5 Qc6 55. Bxc5 Nxc5 56. Ne7 1/2-1/2

[Event "Orsha Open A 2018"]
[Site "Orsha"]
[Date "2018.02.03"]
[Round "8.2"]
[White "Badelka, Olga"]
[Black "Kovalev, Vladislav"]
[Result "1/2-1/2"]
[WhiteElo "2399"]
[BlackElo "2639"]
[PlyCount "48"]
[EventDate "2018.01.29"]
[EventType "swiss"]
[EventRounds "9"]
[EventCountry "BLR"]

1. d4 Nf6 2. c4 g6 3. Nc3 Bg7 4. e4 d6 5. Be2 O-O 6. Be3 e5 7. d5 Na6 8. g4 Nc5
9. f3 a5 10. h4 h5 11. g5 Nh7 12. Qd2 f6 13. gxf6 Bxf6 14. Bf2 Bd7 15. O-O-O
Qe7 16. Kb1 Rad8 17. Bf1 Kh8 18. Nge2 Bg7 19. Bg2 c6 20. Nc1 Nf6 21. Be3 cxd5
22. Nxd5 Nxd5 23. cxd5 Kh7 24. Qxa5 Bh6 1/2-1/2

[Event "Orsha Open A 2018"]
[Site "Orsha"]
[Date "2018.02.03"]
[Round "8.3"]
[White "Tihonov, Jurij"]
[Black "Moskalenko, Alexander"]
[Result "0-1"]
[WhiteElo "2371"]
[BlackElo "2522"]
[PlyCount "104"]
[EventDate "2018.01.29"]
[EventType "swiss"]
[EventRounds "9"]
[EventCountry "BLR"]

1. Nf3 c5 2. c4 Nc6 3. Nc3 g6 4. e3 Bg7 5. d4 d6 6. Be2 Bg4 7. d5 Nb8 8. e4 Nf6
9. O-O O-O 10. h3 Bxf3 11. Bxf3 Nbd7 12. Be3 a6 13. Be2 Ne8 14. Qd2 Nc7 15. a3
Re8 16. Rab1 Rb8 17. b4 e6 18. dxe6 Nxe6 19. Rfe1 Nd4 20. Bf1 Ne5 21. Kh1 Nec6
22. f3 Qh4 23. Nd5 Ne6 24. Bf2 Qd8 25. Bg3 Be5 26. f4 Bd4 27. Bd3 Nc7 28. Re2
Bg7 29. Ree1 b6 30. bxc5 bxc5 31. Rxb8 Qxb8 32. Rb1 Qc8 33. Qc2 Nd4 34. Qa4
Nxd5 35. cxd5 Nb5 36. Bxb5 axb5 37. Rxb5 c4 38. Rb6 c3 39. Rc6 Qb8 40. Kh2 h5
41. f5 gxf5 42. exf5 Qb2 43. Qf4 Qd2 44. f6 Qxf4 45. Bxf4 Bxf6 46. Rxd6 Kg7 47.
Rc6 h4 48. d6 Re6 49. a4 Kg6 50. a5 Kf5 51. Rc4 Re2 52. d7 Rd2 0-1

[Event "Orsha Open A 2018"]
[Site "Orsha"]
[Date "2018.02.03"]
[Round "8.4"]
[White "Grishchenko, Sergey"]
[Black "Apryshko, Gleb"]
[Result "0-1"]
[WhiteElo "2469"]
[BlackElo "2316"]
[PlyCount "248"]
[EventDate "2018.01.29"]
[EventType "swiss"]
[EventRounds "9"]
[EventCountry "BLR"]

1. d4 g6 2. c4 Bg7 3. e4 d6 4. Nc3 Nd7 5. Be3 e6 6. Qd2 h6 7. Bd3 Ne7 8. h4 a6
9. Nge2 b6 10. Bc2 Bb7 11. Ng3 Nc6 12. Nce2 b5 13. cxb5 axb5 14. f4 Na5 15. b3
f5 16. Rd1 d5 17. exf5 gxf5 18. Bd3 Bc6 19. Nh5 Bf8 20. g4 Nf6 21. Nxf6+ Qxf6
22. g5 Qf7 23. Rc1 Kd8 24. Kf2 Ba3 25. Rcg1 Nb7 26. Qc3 Be8 27. b4 Nd6 28. Rb1
c6 29. g6 Qxg6 30. Rb3 Qg4 31. Rxa3 Rxa3 32. Qxa3 Rg8 33. Ke1 Qf3 34. Rg1 Rxg1+
35. Bxg1 Ne4 36. Qa8+ Ke7 37. Qa7+ Kf6 38. Bxe4 fxe4 39. Qc5 Bh5 40. Qf8+ Kg6
41. Qg8+ Kf6 42. Qf8+ Kg6 43. f5+ exf5 44. Nf4+ Qxf4 45. Qe8+ Kf6 46. Qxh5 Qc1+
47. Qd1 Qf4 48. Qc2 Qxh4+ 49. Bf2 Qh1+ 50. Kd2 f4 51. Qxc6+ Kg5 52. Qxd5+ Kg4
53. Qg8+ Kf3 54. Qg1 Qh3 55. Be3 Qf5 56. Qf1+ Kg4 57. Qg2+ Kh5 58. Qh2+ Kg4 59.
Qg2+ Kh5 60. Bg1 Qd5 61. Ke1 Qc6 62. Kd1 Qd5 63. Qh3+ Kg5 64. Qb3 Qf5 65. Qg8+
Kh4 66. Bf2+ Kh3 67. Qg7 h5 68. Qg1 Qg4+ 69. Qxg4+ hxg4 70. d5 g3 71. Ke2 Kg2
72. Bxg3 f3+ 73. Kd2 Kxg3 74. d6 e3+ 75. Kc2 e2 76. d7 e1=Q 77. d8=Q Qe2+ 78.
Kc1 Qe1+ 79. Kc2 Qxb4 80. Qg5+ Kf2 81. a3 Qc4+ 82. Kb2 Qe2+ 83. Kb1 Qd3+ 84.
Kb2 Ke2 85. Qh5 Ke1 86. Qh1+ Qf1 87. Qh6 Qf2+ 88. Kb3 Kd1 89. Qh5 Qc2+ 90. Kb4
Qc4+ 91. Ka5 Qe2 92. Qf5 Ke1 93. Qb1+ Kf2 94. Qh7 Kg1 95. Qb1+ Kf2 96. Qh7 Qe5
97. Qc2+ Kf1 98. Qd3+ Qe2 99. Qh7 Qc4 100. Qb1+ Kg2 101. Qg6+ Kf2 102. Qh7 Qd5
103. Kb6 Ke2 104. Qc2+ Qd2 105. Qf5 Qe3+ 106. Kc7 Qc3+ 107. Kb8 Qd3 108. Qh5
Kd2 109. Qc5 Ke1 110. Qe5+ Kd1 111. Qc5 Qc4 112. Qe3 Qd5 113. Qf4 Qb3 114. Qf5
Kc1 115. Kb7 Qxa3 116. Qg5+ Kc2 117. Qf5+ Qd3 118. Qc5+ Kb3 119. Kb6 b4 120.
Ka5 Qc3 121. Qf2 Ka3 122. Kb5 Qe5+ 123. Kc6 Qe4+ 124. Kb6 b3 0-1